000
00205 a2200097 4500
001
8817
100
_a
Coombes, A J
245
_a
Representative English poems
260
_a
_b
Evans
_c
090
_c
7057
_d
7057
942
_a
NUST-CAE
_c
M
_c
33664
999
_c
243890
_d
243890